000 00334nam a2200133 i 4500
001 bg
100 1 _aLOPATIN, B. A.
245 0 _aTeoreticeskie osnovy elektrochimiceskich metodov analiza /
_cB.A. Lopatin.
260 _aMoskva,
_c1975.
040 _cBPK
041 _apol
942 _cKS
008 s pl f |000 0 pol
999 _c16401
_d16401
856 _uhttp://koha.tu.koszalin.pl/cgi-bin/koha/opac-detail.pl?biblionumber=16401
_yKatalog online BPK